000
00307nam a22001337a 4500
008
170504b xxu||||| |||| 00| 0 eng d
020
_a
9781419581083
041
_a
eng
080
_2
1 ED
_a
34
100
_a
13
101
_a
SHJ
245
_a
PROPERTY AND CASUALTY INSURANCE
_c
GEORGE.A
942
_2
udc
_c
BK
999
_c
12640
_d
12640